<?xml version="1.0" encoding="UTF-8"?>
<record
    xmlns:xsi="http://www.w3.org/2001/XMLSchema-instance"
    xsi:schemaLocation="http://www.loc.gov/MARC21/slim http://www.loc.gov/standards/marcxml/schema/MARC21slim.xsd"
    xmlns="http://www.loc.gov/MARC21/slim">

  <leader>01799nam a22001457a 4500</leader>
  <controlfield tag="008">120611t        xxu||||| |||| 00| 0 eng d</controlfield>
  <datafield tag="020" ind1=" " ind2=" ">
    <subfield code="a">047131585</subfield>
  </datafield>
  <datafield tag="050" ind1=" " ind2=" ">
    <subfield code="a">HG6042.G89</subfield>
  </datafield>
  <datafield tag="100" ind1=" " ind2=" ">
    <subfield code="a">Leroy, Gross</subfield>
  </datafield>
  <datafield tag="245" ind1=" " ind2=" ">
    <subfield code="a">The conservative investor's guide to trading options. /</subfield>
    <subfield code="c">Gross, Leroy</subfield>
  </datafield>
  <datafield tag="260" ind1=" " ind2=" ">
    <subfield code="a">New York:</subfield>
    <subfield code="b">John Wiley,</subfield>
    <subfield code="c">1999</subfield>
  </datafield>
  <datafield tag="300" ind1=" " ind2=" ">
    <subfield code="a">xv, 205 p.:</subfield>
    <subfield code="b">ill.;</subfield>
    <subfield code="c">24cm.</subfield>
  </datafield>
  <datafield tag="505" ind1=" " ind2=" ">
    <subfield code="a">Contents: Option strategies for conservative investors: Reading and understanding option tables -- What you should know about entering option orders -- Commission discounts increase your return on investment -- The Buy stock- write call strategy -- The Sell stock -buy call strategy -- Buying puts on owned stock to preserve profit and limit risk -- Straddle writing for conservative investor -- Selling puts backed by 100% cash reserves -- Hire the experts if you are financial wreckpert -- Guide rules for buy stock-write call strategy -- Leverage profit potential by writing calls secured by deep-in the-money calls -- Defensive strategies for short call option positions secured by stock -- Buying calls can make sense even for conservative investors -- Strategies for investors with long profitable positions -- How to figure your profits or losses and tax consequences -- Strategies conservative investors should avoid : The Strategy of writing ratio calls -- The Strategy of writing ratio puts -- The Naked call writing strategy -- The Calender spread strategy -- The Call option butterfly spread strategy -- Married puts: an expensive wedding between stock and option -- Speculative purchases of put and call options -- The Diagonal call option spread -- The Bullish perpendicular call option spread --  Five questionable strategies that could increase your blood pressure and your losses.</subfield>
  </datafield>
  <datafield tag="942" ind1=" " ind2=" ">
    <subfield code="2">lcc</subfield>
    <subfield code="c">BK</subfield>
  </datafield>
  <datafield tag="999" ind1=" " ind2=" ">
    <subfield code="c">1216</subfield>
    <subfield code="d">8716</subfield>
  </datafield>
  <datafield tag="952" ind1=" " ind2=" ">
    <subfield code="0">0</subfield>
    <subfield code="1">0</subfield>
    <subfield code="2">lcc</subfield>
    <subfield code="4">0</subfield>
    <subfield code="7">0</subfield>
    <subfield code="a">WIUC-1</subfield>
    <subfield code="b">WIUC-1</subfield>
    <subfield code="c">GEN</subfield>
    <subfield code="d">2012-06-11</subfield>
    <subfield code="l">0</subfield>
    <subfield code="o">HG6042.G89</subfield>
    <subfield code="p">3449/12</subfield>
    <subfield code="r">2012-06-11 00:00:00</subfield>
    <subfield code="t">1</subfield>
    <subfield code="w">2012-06-11</subfield>
    <subfield code="y">BK</subfield>
  </datafield>
</record>
